[Event "AUTO-INT-3570"]
[Site "http://www.queenalice.com/game.php?id=1763645"]
[Date "2021.7.4"]
[Round "2"]
[White "martusdog"]
[Black "IMONTELO"]
[Result "1-0"]
[WhiteElo "1633"]
[BlackElo "1686"]

1. e4 e5 2. Nf3 Qf6 3. d4 d6 4. Bg5 Qg6 5. Nc3 Bg4 6. h3 Bxf3 7. Qxf3 Qxg5 8.
Nd5 Qd8 9. dxe5 c6 10. Nc3 dxe5 11. Rd1 Qb6 12. Qf5 Qc7 13. Bc4 f6 14. Qe6+ Qe7
15. Qc8+ Qd8 16. Qxd8# 1-0

[Event "AUTO-INT-3570"]
[Site "http://www.queenalice.com/game.php?id=1763646"]
[Date "2021.7.4"]
[Round "2"]
[White "IMONTELO"]
[Black "martusdog"]
[Result "0-1"]
[WhiteElo "1729"]
[BlackElo "1664"]

1. e4 e5 2. Qh5 d6 3. Bb5+ c6 4. Bc4 g6 5. Qf3 Nf6 6. Qd3 a5 7. f3 b5 8. Bxb5
cxb5 9. Qxb5+ Nfd7 10. Qd5 Ra7 11. d3 Nb6 12. Qb3 Nc6 13. Be3 Rb7 14. Nh3 Nd5
15. Qxd5 Qc7 16. b3 Nb4 17. Qc4 Qxc4 18. bxc4 Nxc2+ 19. Kd2 Nxa1 20. Nc3 Rb2+
21. Kc1 Rxg2 22. Nd5 Bxh3 23. Bb6 Bh6+ 24. Kb1 Nc2 25. Bxa5 O-O 26. Rc1 Na3+ 27.
Ka1 Bxc1 28. Nc3 Rb2 29. Bc7 Nc2# 0-1

[Event "AUTO-INT-3545"]
[Site "http://www.queenalice.com/game.php?id=1767425"]
[Date "2021.8.20"]
[Round "2"]
[White "martusdog"]
[Black "Tenor"]
[Result "1-0"]
[WhiteElo "1696"]
[BlackElo "1588"]

1. e4 e5 2. Nf3 Nc6 3. Bb5 Nge7 4. Nc3 d5 5. Nxe5 a6 6. Nxc6 Nxc6 7. Bxc6+ bxc6
8. Qf3 d4 9. Ne2 c5 10. d3 Bd6 11. Bf4 O-O 12. e5 Bxe5 13. Qxa8 Bxf4 14. Nxf4
Qe7+ 15. Qe4 Qxe4+ 16. dxe4 Re8 17. f3 f5 18. O-O fxe4 19. fxe4 Rxe4 20. Rae1
Rxe1 21. Rxe1 Kf8 22. Ne6+ Kf7 23. Nxc5 a5 24. Re4 Bf5 25. Rf4 Kg6 26. Rxd4 Bxc2
27. Rd7 1-0

[Event "AUTO-INT-3545"]
[Site "http://www.queenalice.com/game.php?id=1767426"]
[Date "2021.8.20"]
[Round "2"]
[White "Tenor"]
[Black "martusdog"]
[Result "0-1"]
[WhiteElo "1567"]
[BlackElo "1737"]

1. e4 e5 2. Nf3 d6 3. d4 exd4 4. Nxd4 g6 5. Qf3 Bg7 6. Bd3 Bxd4 7. O-O Nc6 8. c3
Ne5 9. Qe2 Bb6 10. Na3 Bg4 11. Qd2 Bh3 12. Qe2 Qh4 13. gxh3 Qxh3 14. Bf4 Qxd3
15. Qxd3 Nxd3 16. Bc1 Nf6 17. Be3 Bxe3 18. fxe3 O-O-O 19. Rxf6 Rd7 20. b4 Re7
21. Rd1 Ne5 22. h3 h5 23. Rd4 g5 24. Nc4 Nxc4 25. Rxc4 Rhe8 26. Kf2 b5 27. Rd4
Kb7 28. Kf3 g4+ 29. Kg3 gxh3 30. Kxh3 Rxe4 31. Rxe4 Rxe4 32. Rf3 Rc4 33. Rxf7
Rxc3 34. Rf3 Rc4 35. Rf4 Rc2 36. a4 bxa4 37. b5 a3 38. Ra4 Rc3 39. Kh4 Rxe3 40.
Kxh5 Re5+ 41. Kg4 Rxb5 42. Rxa3 a5 43. Kf4 Re5 0-1

[Event "AUTO-INT-3545"]
[Site "http://www.queenalice.com/game.php?id=1767427"]
[Date "2021.8.20"]
[Round "2"]
[White "martusdog"]
[Black "juim"]
[Result "1-0"]
[WhiteElo "1683"]
[BlackElo "1608"]

1. e4 d5 2. exd5 Qxd5 3. Nc3 Qe6+ 4. Be2 Nc6 5. d4 Nb4 6. a3 Nd5 7. Nxd5 Qxd5 8.
Nf3 Bg4 9. h3 Be6 10. c4 Qe4 11. d5 Bf5 12. O-O O-O-O 13. Ng5 Qh4 14. Nxf7 Bxh3
15. gxh3 Qxh3 16. Bg4+ Qxg4+ 17. Qxg4+ Kb8 18. Nxd8 h5 19. Qd7 Nf6 20. Qb5 b6
21. Qa6 1-0

[Event "AUTO-INT-3545"]
[Site "http://www.queenalice.com/game.php?id=1767428"]
[Date "2021.8.20"]
[Round "2"]
[White "juim"]
[Black "martusdog"]
[Result "0-1"]
[WhiteElo "1648"]
[BlackElo "1722"]

1. e4 e5 2. d4 exd4 3. Qxd4 Nc6 4. Qd2 Nf6 5. Bd3 Bc5 6. Nf3 d6 7. O-O Bg4 8. e5
dxe5 9. Be2 Qxd2 10. Bxd2 e4 11. Bb5 exf3 12. g3 O-O-O 13. Bg5 Nd4 14. Nc3 c6
15. Bc4 Ne2+ 16. Kh1 Bh3 17. Nxe2 Bxf1 18. Bxf6 gxf6 19. Nf4 Bxc4 20. b3 Be6 21.
Kg1 Rd2 22. Rf1 Rhd8 23. Nd3 Rxc2 24. a4 Rxd3 25. h4 Bxf2+ 26. Kh1 Bxg3 27. b4
f2 0-1

[Event "Challenge"]
[Site "http://www.queenalice.com/game.php?id=1848473"]
[Date "2024.12.10"]
[Round "-"]
[White "zubarev"]
[Black "martusdog"]
[Result "1-0"]
[WhiteElo "1720"]
[BlackElo "1768"]

1. d4 d5 2. Nc3 Nf6 3. e3 Nc6 4. Bd3 e5 5. dxe5 Nxe5 6. Nf3 Bg4 7. Be2 Nxf3+ 8.
Bxf3 Bxf3 9. Qxf3 c6 10. O-O Qd7 11. Bd2 Bc5 12. Qg3 Nh5 13. Qe5+ Qe6 14. Qxh5
O-O-O 15. Rae1 g6 16. Qh3 f5 17. Ne2 Kb8 18. Nd4 Qf7 19. a3 Qf6 20. Bc3 Qd6 21.
Qg3 Rhe8 22. Qxd6+ Bxd6 23. Nf3 b6 24. Bf6 Rd7 25. Nd4 c5 26. Nb5 1-0

[Event "Challenge"]
[Site "http://www.queenalice.com/game.php?id=1848474"]
[Date "2024.12.10"]
[Round "-"]
[White "martusdog"]
[Black "zubarev"]
[Result "0-1"]
[WhiteElo "1750"]
[BlackElo "1738"]

1. e4 e5 2. Nf3 Nc6 3. Bc4 Be7 4. d3 Nf6 5. Nc3 d6 6. Be3 Be6 7. Nd5 O-O 8. Qd2
Qd7 9. O-O-O Ne8 10. h3 f5 11. Nxe7+ Qxe7 12. Bxe6+ Qxe6 13. a3 f4 14. Bxf4 Rxf4
15. Ng5 Qa2 16. c3 Na5 17. Kc2 Qb3+ 18. Kb1 Qb6 19. f3 Nb3 20. Qe2 h6 21. Ne6
Rf7 22. d4 exd4 23. cxd4 c5 24. Qc4 Na5 25. Qe2 Nc7 26. Nxc7 Rxc7 27. dxc5 dxc5
28. Rd5 Nb3 0-1

[Event "AUTO-OPEN-4574"]
[Site "http://www.queenalice.com/game.php?id=1851692"]
[Date "2025.2.7"]
[Round "1"]
[White "Kapablanca"]
[Black "martusdog"]
[Result "1-0"]
[WhiteElo "2051"]
[BlackElo "1694"]

1. d4 Nf6 2. c4 e6 3. Nc3 Bb4 4. Bd2 Nc6 5. Nf3 b6 6. e3 O-O 7. a3 Bxc3 8. Bxc3
Ne4 9. Be2 Bb7 10. Qc2 d5 11. O-O Ne7 12. Bb4 a5 13. Bxe7 Qxe7 14. Rfc1 c5 15.
dxc5 Nxc5 16. cxd5 Bxd5 17. Nd4 e5 18. Nb5 Qg5 19. Bf1 1-0

[Event "AUTO-OPEN-4574"]
[Site "http://www.queenalice.com/game.php?id=1851693"]
[Date "2025.2.7"]
[Round "1"]
[White "martusdog"]
[Black "Kapablanca"]
[Result "0-1"]
[WhiteElo "1696"]
[BlackElo "2049"]

1. e4 c5 2. Nf3 Nc6 3. d4 cxd4 4. Nxd4 e5 5. Nxc6 bxc6 6. Bc4 Nf6 7. Nc3 Bb4 8.
Qf3 O-O 9. Bd2 d6 10. a3 Bxc3 11. Bxc3 Qb6 12. O-O Be6 13. Bxe6 fxe6 14. Rad1
Rad8 15. Rfe1 Nd5 16. Qg3 Nf4 17. Rd2 Rf6 18. Qe3 Kf7 19. Qxb6 axb6 20. Bxe5 d5
0-1

[Event "AUTO-OPEN-4574"]
[Site "http://www.queenalice.com/game.php?id=1851718"]
[Date "2025.2.7"]
[Round "1"]
[White "CCapivara"]
[Black "martusdog"]
[Result "1-0"]
[WhiteElo "2197"]
[BlackElo "1757"]

1. e4 e5 2. Nf3 Nc6 3. Bb5 Qf6 4. Nc3 Nge7 5. O-O a6 6. Bxc6 Nxc6 7. Nd5 Qd6 8.
d4 Nxd4 9. Nxd4 exd4 10. Bf4 Qg6 11. Nxc7+ Kd8 12. Nxa8 Qxe4 13. Bc7+ 1-0

[Event "AUTO-OPEN-4574"]
[Site "http://www.queenalice.com/game.php?id=1851719"]
[Date "2025.2.7"]
[Round "1"]
[White "martusdog"]
[Black "CCapivara"]
[Result "0-1"]
[WhiteElo "1755"]
[BlackElo "2181"]

1. e4 c5 2. Nf3 Nc6 3. d4 cxd4 4. Nxd4 Nf6 5. e5 Nxe5 6. Bf4 Ng6 7. Be3 d6 8.
Nc3 a6 9. Bd3 e6 10. O-O Be7 11. f4 O-O 12. f5 exf5 13. Bxf5 Bxf5 14. Nxf5 Re8
0-1